书目信息 |
| 题名: |
体育环境导论
|
|
| 作者: | 熊茂湘 著 | |
| 分册: | ||
| 出版信息: | 北京 北京体育大学出版社 2003 |
|
| 页数: | 326页 | |
| 开本: | 19cm | |
| 丛书名: | ||
| 单 册: | ||
| 中图分类: | G80-05 | |
| 科图分类: | ||
| 主题词: | 体育--环境 | |
| 电子资源: | ||
| ISBN: | 7-81051-924-7 | |
| 000 | 00540nam0 2200193 45 | |
| 001 | 0501120947 | |
| 005 | 20050112094740.4 | |
| 010 | @a7-81051-924-7@dCNY20.00 | |
| 100 | @a20050112d2003 km y0chiy0120 ea | |
| 101 | 0 | @achi |
| 105 | @a z 000yy | |
| 200 | 1 | @a体育环境导论@ATi Yu Huan Jing Dao Lun@f熊茂湘著@FXiong Mao Xiang Zhu |
| 210 | @a北京@c北京体育大学出版社@d2003 | |
| 215 | @a326页@d19cm | |
| 606 | 0 | @a体育@x环境 |
| 690 | @aG80-05@v4 | |
| 701 | 0 | @a熊茂湘@4著 |
| 801 | @aCN@bTSTCL@c20050112 | |
| 905 | @b341871-875@dG80-05@e137@f5 | |
| 体育环境导论/熊茂湘著.-北京:北京体育大学出版社,2003 |
| 326页;19cm |
| ISBN 7-81051-924-7:CNY20.00 |
| ● |
| 相关链接 |
|
|
|
|
正题名:体育环境导论
索取号:G80-05/137
 
预约/预借
| 序号 | 登录号 | 条形码 | 馆藏地/架位号 | 状态 | 备注 |
| 1 | 0341871 | 203418710 | 第一样本阅览室/ [索取号:G80-05/137] | 在馆 | |
| 2 | 0341872 | 203418729 | 第四借阅区/ [索取号:G80-05/137] | 在馆 | |
| 3 | 0341873 | 203418738 | 第四借阅区/ [索取号:G80-05/137] | 在馆 | |
| 4 | 0341874 | 203418747 | 第四借阅区/ [索取号:G80-05/137] | 在馆 | |
| 5 | 0341875 | 203418756 | 第四借阅区/ [索取号:G80-05/137] | 在馆 |